[Event "ESTT O65 Sweden -  Wales"]
[Site "?"]
[Date "2016.04.25"]
[Round "7.2"]
[White "Powell, Lloyd"]
[Black "Petersson, Gosta"]
[Result "1/2-1/2"]
[WhiteElo "2076"]
[BlackElo "2106"]
[PlyCount "49"]
[EventDate "2016.04.19"]
[SourceDate "2016.04.19"]

1. d4 d5 2. Nf3 Nf6 3. c4 c6 4. g3 Bf5 5. Nc3 h6 6. Bg2 e6 7. O-O Nbd7 8. Nd2
Be7 9. e4 dxe4 10. Ndxe4 Nxe4 11. Nxe4 O-O 12. Be3 Nf6 13. Nc3 Qa5 14. h3 Rad8
15. Qe2 Bb4 16. Rac1 Rfe8 17. Rfd1 Rd7 18. a3 Bf8 19. Rd2 Bg6 20. Rcd1 Red8 21.
Bf4 Bd6 22. Be3 Bf8 23. Bf4 Bd6 24. Be3 Bf8 25. Bf4 1/2-1/2

[Event "ESTT O65 Sweden -  Wales"]
[Site "?"]
[Date "2016.04.25"]
[Round "7.3"]
[White "Carlsson, Ingvar"]
[Black "Thornton, John D"]
[Result "1/2-1/2"]
[WhiteElo "2077"]
[BlackElo "2028"]
[Annotator "User,Windows"]
[PlyCount "52"]
[EventDate "2016.04.19"]
[SourceDate "2016.04.19"]

1. e4 e6 2. d3 d5 3. Nd2 Nf6 4. Ngf3 b6 5. g3 dxe4 6. dxe4 Nc6 7. Bg2 Ba6 8. c4
Qd3 9. Qa4 Bb7 10. Bf1 Qd7 11. Bg2 Nb4 12. Qxd7+ Nxd7 13. Ke2 Be7 $6 (13... Nc2
$142) 14. a3 Nc2 15. Ra2 c5 16. b4 Nd4+ 17. Nxd4 cxd4 18. Nb3 e5 19. Bd2 f5 20.
f3 fxe4 21. fxe4 Nf6 22. Kd3 O-O (22... Ng4 23. Be1 O-O 24. h4 Ba6 $17) 23. h3
Nh5 24. Be1 Rac8 (24... Bh4 $3 25. gxh4 Nf4+ 26. Kc2 Nxg2) 25. Rf1 Rf6 26. Rxf6
Nxf6 $15 1/2-1/2

[Event "ESTT O65 Sweden -  Wales"]
[Site "?"]
[Date "2016.04.25"]
[Round "7.4"]
[White "Van Kemenade, Rudy"]
[Black "Bengtsson, Jan"]
[Result "1-0"]
[WhiteElo "1957"]
[BlackElo "2056"]
[Annotator "User,Windows"]
[PlyCount "85"]
[EventDate "2016.04.19"]

1. e4 c6 2. d4 d5 3. e5 Bf5 4. Nc3 e6 5. g4 Bg6 6. Nge2 c5 7. h4 h6 (7... f6 8.
exf6 gxf6 9. Nf4 Bf7 10. Qe2 {Van Kemenade-Nazarenus, Gibraltar 2013, 1/2-1/2 
[part of opening preparations]}) (7... h5 8. Nf4 {9 over the board & 37
recorded internet games}) 8. Be3 Nc6 9. f4 (9. dxc5 Nxe5 10. Nd4 (10. Nf4))
9... cxd4 10. Nxd4 Nxd4 11. Qxd4 (11. Bxd4 Ne7 $11 {but 85% for Wh}) 11... Ne7
12. Bb5+ (12. O-O-O) (12. f5 {Fritz15} Bh7 13. O-O-O Nc6 14. Qf4 $14 {
Schnabel-Krischak, Bad Zwesten op 2000,1-0}) 12... Nc6 13. Qa4 (13. f5 {Fritz15
} Bh7 (13... exf5 14. Qa4 Be7 15. h5 Bh4+ 16. Ke2 Bh7 17. Bxc6+ bxc6 18. Qxc6+
Kf8 19. Rxh4 $18 {Harper-Yanez, zt 1999,1-0}) 14. Qa4 (14. O-O-O Qa5 15. Rhf1 (
15. Nxd5 O-O-O 16. Bxc6 bxc6 17. Qc4 Rxd5 18. Qxc6+ Qc7 19. Qa8+ Qb8 20. Qxb8+
(20. Qc6+ $11) 20... Kxb8 21. Rxd5 exd5 22. Rd1 Be7 23. Rxd5 $11 {
Windekilde-Pedersen, Roskilde op 1998,0-1}) 15... Bb4 16. Bxc6+ (16. fxe6 fxe6
17. Nxd5 $18 O-O-O 18. Bxc6 bxc6 19. Qxb4 Rxd5 20. Qxa5 Rxa5 21. Rf7 Rxa2 22.
Rdd7 $18 {Fritz15}) 16... bxc6 17. a3 Bxc3 18. Qxc3 Qxc3 19. bxc3 $11 {
Sukhareva-Shister, St Petersburg op women 2000,1-0}) 14... Qc8 15. O-O-O a6 {
Rehorek-Pribyl, CZE ch tm 2014,0-1}) (13. O-O-O) 13... Be7 $2 (13... Qc8 14. f5
exf5 15. Nxd5 fxg4 16. O-O-O $16 {Espig-Jeske, DDR ch qual Spremberg 1976,1-0})
(13... Qd7 14. O-O-O h5 15. f5 Bh7 16. Rhe1 Be7 17. f6 (17. fxe6) 17... gxf6
18. exf6 Bd6 19. Nxd5 $18 {Rheinwalt-Herbold, RLPF op Herxheim 1993,1-0}) (
13... Qc7 14. O-O-O Be7 15. f5 Bh7 16. Rxd5 exd5 17. Nxd5 Qc8 18. f6 (18. Nxe7
Kxe7 19. Bc5+ Ke8 20. e6 $16 {Fritz15}) 18... Bf8 19. Rd1 $18 {Valvo-Mathys,
New Yorkop 1994,1-0}) 14. Bxc6+ (14. f5 exf5 15. Bxc6+ bxc6 16. Qxc6+ Kf8 17.
Bc5 (17. h5 Rc8 18. Qb7 Rc7 19. Qxd5 Bh7 20. Qxd8+ Bxd8 21. O-O-O Be7 22. Rhg1
$16 {Fritz15}) 17... fxg4 18. Bxe7+ Kxe7 19. O-O-O $16 {Fritz15}) 14... bxc6
15. Qxc6+ Kf8 16. O-O (16. O-O-O $142 $16 {John Thornton}) (16. f5 exf5 17. h5
Rc8 18. Qb7 Rc7 19. Qxd5 (19. Qb3 Bh7 20. Nxd5 $16 {Fritz15})) 16... Rc8 (16...
Bxc2 17. Rac1 Bh7 18. h5 $14 {Fritz15}) 17. Qa6 d4 $6 (17... Bxc2) 18. Rad1 Bc5
19. f5 $1 exf5 20. gxf5 $6 (20. Ne2 $1 {Houdini4}) (20. Rf4 Kg8 21. Bxd4 $16 {
Fritz15}) 20... Bh5 21. Rd2 Rc7 $6 22. Ne4 $6 (22. Rf4 Rd7 23. Qc4 dxc3 24.
Qxc5+ Kg8 25. Qxc3 $16 {Fritz15}) 22... Bb6 $2 (22... Qxh4 23. Nxc5 Qg3+ 24.
Rg2 Qxe3+ 25. Kh1 Qh3+ $11) 23. Qd3 $18 Rd7 24. Bf2 $6 (24. Bf4 $1 $18 {
Houdini4 & Fritz15}) 24... Rd5 25. Bg3 Kg8 26. Rg2 $18 (26. Kh2 $18) (26. Nd6
$18) 26... Kh7 27. Kh1 (27. f6 g6 28. e6 fxe6 29. f7 Kg7 30. Nf6 Qxf6 (30...
Rf5 31. Rxf5 gxf5 32. Be5+ Kxf7 33. Qg3 Bg4 34. Nxg4 Rf8 35. Nxh6+ $18) 31.
Rxf6 Kxf6 32. Rf2+ Rf5 $16 {Fritz15}) (27. Bf4 Rg8 28. Kh1 Qa8 29. f6 g6 30. e6
Qc6 31. exf7 Rf8 32. Ng3 Bg4 33. h5 $18 {Fritz15}) 27... Re8 28. Nd6 $2 (28. a4
$16 {Houdini4 & Fritz15}) (28. e6 f6 29. Bf4 Re7 30. Bd2 $16) 28... Rxd6 29.
exd6 Re3 $14 30. Qd2 (30. Qc4 Be2 31. Qxe2 (31. Rxe2 Rxg3 $11) 31... Rxe2 32.
Rxe2 Bc5 33. f6 d3 34. cxd3 Bxd6 35. Bxd6 Qxd6 36. fxg7 Qxd3 $11 {Fritz15})
30... Qa8 $2 (30... Bf3 31. Rxf3 Rxf3 32. Qe2 Rxf5 $14 {Houdini4} 33. Qe7 Qa8
34. Kh2 Qd5 $11 {Fritz15}) 31. Kh2 Bf3 32. Rgf2 Be4 33. Re1 (33. f6 g6 34. Re1
$16 (34. Re2 $16)) 33... Qc6 (33... Bxc2 34. f6 g6 35. Rf4 Bf5 36. h5 Rxe1 37.
Qxe1 Qd5 38. Qe8 $18 {Fritz15}) 34. Bf4 Rxe1 35. Qxe1 d3 $6 (35... Bd8 36. f6
Bxf6 37. Bg3 Qd5 38. Qe2 $16 {Fritz15}) 36. cxd3 Bxd3 (36... Bxf2 37. Qxe4 $18
Qc2 38. f6+ g6 39. Qc4 $18 Qxc4 40. dxc4 Bxh4 41. Be5 Be1 42. d7 Ba5 43. c5 g5
44. c6 $18 {Fritz15}) 37. Rg2 Bxf5 $2 (37... Be4 38. Rd2 Bxf5 39. Qe5 Be4 40.
d7 Qg6 41. Bg3 Bd8 42. Rf2 $18 {Fritz15}) 38. Qc3 (38. Qe5 $1 g6 39. Bxh6 $1 {
Houdini4 & Fritz15}) 38... Qxc3 39. bxc3 Bd8 40. Be5 g5 41. hxg5 hxg5 42. Rb2 (
42. c4 Bb6 43. Rxg5 Be6 44. Bc3 Be3 45. Rg7+ Kh6 46. Kg3 $18 {Fritz15}) 42...
Bb6 43. Bd4 (43. Bd4 Bxd4 (43... Bd8 44. Rb8 Ba5 45. Rb5) 44. cxd4 Kg6 45. Rb7
Kf6 46. Rxa7 Ke6 47. d7 Ke7 48. d8=Q+ Kxd8 49. Rxf7 Bc2 50. Kg3 $18 {Fritz15})
1-0

[Event "ESTT O65 Wales - Scotland A"]
[Site "?"]
[Date "2016.04.26"]
[Round "8.1"]
[White "Jones, Iolo C"]
[Black "Giulian, Philip M"]
[Result "1-0"]
[WhiteElo "2193"]
[BlackElo "2141"]
[PlyCount "61"]
[EventDate "2016.04.19"]
[SourceDate "2016.04.19"]

1. d4 e6 2. g3 f5 3. Bg2 Nf6 4. Nd2 d5 5. Ngf3 Bd6 6. c4 c6 7. Qc2 O-O 8. O-O
Qe7 9. b3 Ne4 10. Bb2 Nd7 11. Rac1 a5 12. Ne5 Nxd2 13. Qxd2 Nxe5 14. dxe5 Bc5
15. cxd5 Bb4 $6 16. d6 $1 Bxd2 17. dxe7 Re8 18. Rcd1 Bb4 19. e4 Bxe7 20. a4 $14
Kf7 21. Bc3 Rd8 22. Rfe1 g6 23. Bf1 (23. Rxd8 $142 Bxd8 24. Rd1) 23... Bd7 24.
exf5 gxf5 25. Be2 b5 26. Bf3 bxa4 27. bxa4 Be8 28. Rxd8 Bxd8 29. Rb1 Ra7 $2 30.
Rb8 Ke7 31. Bd4 1-0

[Event "ESTT O65 Wales - Scotland A"]
[Site "?"]
[Date "2016.04.26"]
[Round "8.2"]
[White "Jamieson, Peter M"]
[Black "Powell, Lloyd"]
[Result "1/2-1/2"]
[WhiteElo "2230"]
[BlackElo "2076"]
[PlyCount "28"]
[EventDate "2016.04.19"]
[SourceDate "2016.04.19"]

1. d4 Nf6 2. Nf3 e6 3. Bg5 Be7 4. Nbd2 c5 5. e3 b6 6. Bd3 Bb7 7. Qe2 O-O 8. O-O
cxd4 9. Bxf6 Bxf6 10. exd4 d6 11. c3 Nd7 12. Ba6 Qc8 13. Bxb7 Qxb7 14. a4 a6
1/2-1/2

[Event "ESTT O65 Wales - Scotland A"]
[Site "?"]
[Date "2016.04.26"]
[Round "8.3"]
[White "Thornton, John D"]
[Black "Bonner, Gerald"]
[Result "1-0"]
[WhiteElo "2028"]
[BlackElo "2164"]
[Annotator "User,Windows"]
[PlyCount "113"]
[EventDate "2016.04.19"]
[SourceDate "2016.04.19"]

1. e4 e6 2. d4 d5 3. Nc3 h6 4. Nf3 Nf6 5. Bd3 Bb4 6. e5 Nfd7 7. a3 Bxc3+ 8.
bxc3 c5 9. O-O c4 10. Be2 Nc6 11. Ne1 Ne7 12. f4 f5 13. exf6 (13. a4) 13...
Nxf6 14. Nf3 O-O 15. Ne5 g6 $6 16. a4 Ne4 17. Qe1 Kg7 18. Ba3 Rg8 19. Bxe7 $6 (
19. Bxc4 $1) 19... Qxe7 20. Bxc4 Qc7 21. Bd3 Qxc3 22. Qxc3 Nxc3 23. Ra3 Ne4 24.
Bxe4 dxe4 25. Re1 Rd8 26. Rxe4 Bd7 27. Nxd7 $6 (27. Rg3 Be8 28. Nxg6 Bxg6 29.
Rxe6 Rxd4 30. Rexg6+) 27... Rxd7 28. c3 Kf7 (28... Kf6 $142) 29. Kf2 Rc8 30.
Ke3 Rdc7 31. Kd3 b6 32. Re5 a6 33. g4 $16 Kf6 34. h4 Rc6 35. h5 gxh5 36. Rxh5
Kg6 37. Rb3 $1 $18 Rf8 38. Ke4 Rfc8 39. Re5 Kf6 40. f5 (40. c4 $1) 40... exf5+
41. gxf5 h5 42. c4 Rxc4 $4 43. Rxb6+ R8c6 44. Re6+ Rxe6+ 45. Rxe6+ Kg7 46. Rg6+
Kh7 47. Rxa6 h4 48. Rg6 Rxa4 49. Rg4 Ra5 50. Rxh4+ Kg7 51. Rg4+ Kf7 52. Rg6 Ra1
53. Re6 Re1+ 54. Kd5 Rf1 55. Ke5 Re1+ 56. Kd6 Rf1 57. f6 1-0

[Event "ESTT O65 Wales - Scotland A"]
[Site "?"]
[Date "2016.04.26"]
[Round "8.4"]
[White "Scrimgour, Alan"]
[Black "Miles, Richard"]
[Result "1/2-1/2"]
[WhiteElo "2063"]
[BlackElo "1971"]
[PlyCount "31"]
[EventDate "2016.04.19"]
[SourceDate "2016.04.19"]

1. e4 c5 2. c3 d5 3. exd5 Qxd5 4. d4 Nf6 5. Nf3 Bg4 6. Nbd2 Nc6 7. Bc4 Bxf3 8.
Qb3 Na5 9. Qb5+ Qd7 10. Nxf3 Nxc4 11. Qxc4 cxd4 12. Nxd4 Rc8 13. Qe2 e6 14. O-O
Be7 15. Nf3 O-O 16. Ne5 1/2-1/2

[Event "ESTT O50 Wales - Finnish Mates"]
[Site "?"]
[Date "2016.04.26"]
[Round "6.1"]
[White "Morris, Charles F"]
[Black "Pietinen, Pekka"]
[Result "1/2-1/2"]
[WhiteElo "2122"]
[BlackElo "1989"]
[PlyCount "122"]
[EventDate "2016.04.19"]
[SourceDate "2016.04.19"]

1. c4 c6 2. g3 d5 3. Nf3 Nf6 4. Bg2 Bf5 5. cxd5 cxd5 6. Qb3 Qb6 7. Qxb6 axb6 8.
Nc3 Bd7 9. Ne5 Bc6 10. d4 e6 11. Bd2 Nbd7 12. Nd3 Be7 13. O-O O-O 14. Rfb1 b5
15. f3 Rfd8 16. Nd1 Nb6 17. b3 h6 18. Bb4 Kf8 19. e3 Nc8 20. Bxe7+ Nxe7 21. Rb2
Ra3 22. Nb4 Rda8 23. Rc1 Ke8 24. Bf1 Kd8 25. Nf2 Ne8 26. Nfd3 Nd6 27. Kf2 Be8
28. Ke1 Nc6 29. Kd2 Kc7 30. Ne5 Kb6 31. Nexc6 Bxc6 32. Rc3 Bd7 33. Kc1 Rc8 34.
Rxc8 Bxc8 35. Rc2 Bd7 36. Kb2 Ra8 37. Bd3 Bc6 38. Re2 Rd8 39. Kc3 Ne8 40. e4
dxe4 41. fxe4 Nc7 42. Re3 Na6 43. Nxa6 bxa6 44. b4 a5 45. a3 axb4+ 46. axb4 Rc8
47. Kd2 Ra8 48. Bc2 f6 49. Bb3 Rd8 50. Kc3 Rc8 51. Kd3 e5 52. d5 Bd7 53. Kd2
Rc7 54. Rf3 Bg4 55. Rf1 Bh3 56. Ra1 Bg2 57. Re1 Ra7 58. Kd3 Ra3 59. Kc3 Ra7 60.
Kd3 Ra3 61. Kc3 Ra7 1/2-1/2

[Event "ESTT O50 Wales - Finnish Mates"]
[Site "?"]
[Date "2016.04.26"]
[Round "6.2"]
[White "Patola, Eero"]
[Black "James, David J"]
[Result "1/2-1/2"]
[WhiteElo "1896"]
[BlackElo "2159"]
[Annotator "User,Windows"]
[PlyCount "64"]
[EventDate "2016.04.19"]
[SourceDate "2016.04.19"]

1. e4 c5 2. c4 d6 3. Nc3 e6 4. g3 Nf6 5. Bg2 Be7 6. Nge2 O-O 7. O-O Nbd7 8. d3
Rb8 9. h3 a6 10. a4 b6 11. f4 Bb7 12. g4 Ne8 13. g5 f5 14. Ng3 g6 15. h4 Nc7
16. h5 Rf7 17. exf5 gxf5 18. Bxb7 Rxb7 $14 19. Qf3 Rb8 20. Bd2 Nf8 21. Rae1 Qc8
22. Re2 Qb7 23. Qe3 b5 24. axb5 axb5 25. b3 b4 26. Na4 Qc6 27. Rg2 d5 28. Qf3
Qd7 29. Be1 Ne8 30. Bf2 d4 31. Ne2 Rg7 32. Kh1 Nc7 $14 1/2-1/2

[Event "ESTT O50 Wales - Finnish Mates"]
[Site "?"]
[Date "2016.04.26"]
[Round "6.3"]
[White "Bevan, Peter M"]
[Black "Puroila, Sippo"]
[Result "1-0"]
[WhiteElo "1940"]
[BlackElo "1867"]
[PlyCount "51"]
[EventDate "2016.04.19"]
[SourceDate "2016.04.19"]

1. c4 e6 2. g3 d5 3. Nf3 Nf6 4. Bg2 Be7 5. O-O O-O 6. b3 c6 7. Bb2 Nbd7 8. d3
Qb6 9. Nbd2 a5 10. Qc2 Qa6 11. e4 b5 12. a4 b4 13. e5 Ne8 14. Rae1 Bb7 15. h4
Nc7 16. cxd5 Nxd5 17. Ne4 c5 18. Nfd2 f5 $6 $16 19. exf6 gxf6 20. Nc4 Rae8 21.
Qe2 f5 $6 22. Qh5 e5 23. Ng5 h6 $4 24. Nxe5 $1 Nxe5 25. Rxe5 Nc3 26. Re6 1-0

[Event "ESTT O65 Scotland B - Wales"]
[Site "?"]
[Date "2016.04.27"]
[Round "9.1"]
[White "White, Alastair F"]
[Black "Jones, Iolo C"]
[Result "1/2-1/2"]
[WhiteElo "2070"]
[BlackElo "2193"]
[PlyCount "64"]
[EventDate "2016.04.19"]
[SourceDate "2016.04.19"]

1. e4 e5 2. Bc4 Nf6 3. d3 c6 4. Nf3 d5 5. Bb3 Bd6 6. Nc3 dxe4 7. Nxe4 Nxe4 8.
dxe4 Bb4+ 9. Bd2 Bxd2+ 10. Qxd2 Qxd2+ 11. Nxd2 Ke7 12. Nc4 f6 13. O-O-O Na6 14.
Nd6 Nc5 15. Nxc8+ Raxc8 16. f3 Rcd8 17. Rxd8 Rxd8 18. Rd1 Nxb3+ 19. axb3 Rxd1+
20. Kxd1 Kd6 21. Kd2 Kc5 22. c3 a5 23. g3 Kb5 24. Kd3 b6 25. h4 Kc5 26. f4 Kb5
27. h5 Kc5 28. Ke3 Kd6 29. f5 h6 30. Kd2 Kc5 31. Ke3 Kb5 32. Kd3 Kc5 1/2-1/2

[Event "ESTT O65 Scotland B - Wales"]
[Site "?"]
[Date "2016.04.27"]
[Round "9.2"]
[White "Thornton, John D"]
[Black "McKerracher, Douglas"]
[Result "1/2-1/2"]
[WhiteElo "2028"]
[BlackElo "1954"]
[PlyCount "40"]
[EventDate "2016.04.19"]
[SourceDate "2016.04.19"]

1. f4 f5 2. Nf3 Nf6 3. b3 e6 4. Bb2 d5 5. e3 Be7 6. c4 O-O 7. Nc3 c6 8. d4 Ne4
9. Qc2 Nd7 10. Bd3 Ndf6 11. O-O Qe8 12. Ne5 Nxc3 13. Bxc3 Ne4 14. b4 Bf6 15. a4
Bd7 16. c5 Bxe5 17. dxe5 a6 18. Rfb1 Qe7 19. Be1 Rfc8 20. Qd1 Be8 1/2-1/2

[Event "ESTT O65 Scotland B - Wales"]
[Site "?"]
[Date "2016.04.27"]
[Round "9.3"]
[White "Marks, Ian"]
[Black "Van  Kemenade, Rudy"]
[Result "0-1"]
[WhiteElo "1888"]
[BlackElo "1957"]
[Annotator "User,Windows"]
[PlyCount "82"]
[EventDate "2016.04.19"]
[SourceDate "2016.04.19"]

1. e4 d6 2. d4 Nf6 3. Nc3 e5 4. Nf3 Nbd7 5. Bc4 Be7 6. a4 c6 7. O-O h6 8. Re1
Qc7 9. b3 Nf8 10. Bb2 g5 11. Bd3 Ng6 12. Ne2 g4 13. Nd2 Nh5 14. Nc4 Be6 15. Ne3
O-O-O 16. d5 cxd5 17. exd5 Bd7 18. c4 Kb8 19. g3 Ng7 20. Qc2 h5 21. Bxg6 $6 (
21. c5) 21... fxg6 22. Qxg6 Rdg8 23. Qe4 (23. Qc2) 23... h4 24. Rec1 hxg3 (
24... hxg3 25. fxg3 (25. Nxg3)) 25. fxg3 Qb6 (25... Qc5 $11) 26. Bd4 $6 (26. c5
) 26... Qd8 27. Bc3 Rh5 28. Nxg4 $2 Bf5 29. Qf3 e4 $19 30. Qg2 Bxg4 31. Qxe4
Bf5 (31... Nf5 $142) 32. Qf3 Bf6 33. Bxf6 Qxf6 34. Nf4 $4 Qd4+ 35. Kf1 Rxh2 36.
Rd1 Bg4 (36... Qb2 $1) 37. Rxd4 Bxf3 38. Re1 Nf5 39. Rd3 Nxg3+ 40. Kg1 Rh1+ 41.
Kf2 Ne4+ 0-1

[Event "ESTT O65 Scotland B - Wales"]
[Site "?"]
[Date "2016.04.27"]
[Round "9.4"]
[White "Miles, Richard"]
[Black "Webster, Jim J"]
[Result "1-0"]
[WhiteElo "1971"]
[BlackElo "1844"]
[PlyCount "97"]
[EventDate "2016.04.19"]
[SourceDate "2016.04.19"]

1. d4 d5 2. c4 e6 3. Nc3 Nf6 4. cxd5 exd5 5. Bg5 c6 6. e3 Be7 7. Qc2 Nbd7 8.
Bd3 h6 9. Bh4 O-O 10. Nge2 Re8 11. h3 Nf8 12. O-O-O b5 13. Kb1 Bd7 14. g4 Ne4
15. Bxe7 Nxc3+ 16. Qxc3 Qxe7 17. Nc1 a5 18. Nb3 Ne6 19. Rc1 Rec8 20. Nc5 Nxc5
21. Qxc5 Qxc5 22. Rxc5 g6 23. Kc2 Re8 24. Kd2 Kg7 25. Ra1 Rab8 26. Kc2 a4 27.
Kd2 Re7 28. Be2 Be8 29. Rb1 Ra7 30. Bd3 Kf6 31. Ke2 Re7 32. Kf3 Kg5 33. Kg3 f5
34. h4+ Kf6 35. gxf5 gxf5 36. Kf4 Bd7 37. Rg1 Rf8 38. Rcc1 Rg7 39. Rxg7 Kxg7
40. Ke5 Rf6 41. Rg1+ Kf7 42. Kf4 Kf8 43. Be2 Ke7 44. Rg7+ Kd6 45. Bh5 Be6 46.
Rg6 Ke7 47. Rxf6 Kxf6 48. Be8 b4 49. a3 1-0

[Event "ESTT O50 Israel - Wales"]
[Site "?"]
[Date "2016.04.27"]
[Round "7.1"]
[White "Huzman, Alexander"]
[Black "Morris, Charles F"]
[Result "1-0"]
[WhiteElo "2576"]
[BlackElo "2122"]
[Annotator "User,Windows"]
[PlyCount "37"]
[EventDate "2016.04.19"]
[SourceDate "2016.04.19"]

1. Nf3 e6 2. c4 c5 3. g3 d5 4. Bg2 Nf6 5. O-O Nc6 6. d4 Be7 7. dxc5 Bxc5 8. a3
dxc4 9. Qxd8+ Kxd8 10. Nbd2 Bd7 11. Nxc4 Ke7 12. b4 Bd4 13. Ra2 b5 14. Nxd4
Nxd4 15. Ne5 Rac8 16. Rd1 $18 Rc2 $4 17. Rxc2 Nxc2 18. Bc6 Be8 19. Rd2 1-0

[Event "ESTT O50 Israel - Wales"]
[Site "?"]
[Date "2016.04.27"]
[Round "7.2"]
[White "James, David J"]
[Black "Greenfeld, Alon"]
[Result "1/2-1/2"]
[WhiteElo "2159"]
[BlackElo "2541"]
[PlyCount "70"]
[EventDate "2016.04.19"]
[SourceDate "2016.04.19"]

1. d4 e6 2. Nf3 c5 3. c4 cxd4 4. Nxd4 Nf6 5. Nc3 Nc6 6. Nc2 d5 7. e3 Bd6 8.
cxd5 exd5 9. Be2 Bc7 10. Bf3 Be6 11. Nd4 O-O 12. Nxc6 $6 bxc6 13. O-O Re8 14.
b3 h5 15. Bb2 Ng4 16. g3 Qg5 17. Ne2 h4 18. Nf4 $1 hxg3 19. hxg3 Bd7 20. Rc1
Rxe3 21. Nxd5 $1 Bxg3 22. fxg3 cxd5 23. Qxd5 Qxd5 24. Bxd5 Rxg3+ 25. Kh1 Rh3+
26. Kg1 Rg3+ 27. Kh1 Rf8 28. Rf3 Rxf3 29. Bxf3 Rc8 30. Rxc8+ Bxc8 31. Bd4 a6
32. b4 f6 33. a4 Ne5 34. Bxe5 fxe5 35. b5 axb5 1/2-1/2

[Event "ESTT O50 Israel - Wales"]
[Site "?"]
[Date "2016.04.27"]
[Round "7.3"]
[White "Soffer, Ram"]
[Black "Bevan, Peter M"]
[Result "1-0"]
[WhiteElo "2488"]
[BlackElo "1940"]
[PlyCount "41"]
[EventDate "2016.04.19"]
[SourceDate "2016.04.19"]

1. e4 c5 2. Nf3 Nc6 3. Bb5 g6 4. Bxc6 dxc6 5. d3 Bg7 6. h3 Nf6 7. Nc3 O-O 8.
Be3 Nd7 9. Qd2 Re8 10. Bh6 Bh8 11. h4 e5 12. h5 f6 13. hxg6 hxg6 14. Nh4 Kf7
15. Qe2 Rg8 16. g3 Nf8 17. Bxf8 Qxf8 18. f4 Qd6 19. f5 gxf5 20. Qh5+ Kg7 21.
Ng6 1-0

[Event "World Amateur U2300"]
[Site "?"]
[Date "2016.04.27"]
[Round "1.18"]
[White "Fletcher, John"]
[Black "Al Ansi Amin"]
[Result "1/2-1/2"]
[WhiteElo "1977"]
[BlackElo "1981"]
[PlyCount "85"]
[EventDate "2016.04.19"]
[SourceDate "2016.04.19"]

1. d4 d6 2. e4 Nf6 3. Nc3 c6 4. Nf3 Bg4 5. Be2 Nbd7 6. O-O e5 7. Be3 Be7 8. Qd2
O-O 9. Rad1 Qc7 10. h3 Bh5 11. Nh2 Bg6 12. f4 Nxe4 13. Nxe4 Bxe4 14. dxe5 d5
15. Bf3 f5 16. g4 Bc5 17. c4 dxc4 18. Bxe4 fxe4 19. Bxc5 Nxc5 20. Qd4 Qb6 21.
Qxc4+ Kh8 22. Kh1 Nd3 23. Rd2 Qe3 24. Qc3 Rxf4 25. Rxf4 Qxf4 26. e6 Re8 27. e7
Rxe7 28. Qd4 Re8 29. Rxd3 c5 30. Qd7 Rf8 31. Rd1 Qg3 32. Qe7 Kg8 33. Qe6+ Kh8
34. Qxe4 Qxh3 35. Qe7 Kg8 36. Rd8 Rxd8 37. Qxd8+ Kf7 38. Qd7+ Kf8 39. Qc8+ Kf7
40. Qxb7+ Ke6 41. Qc6+ Kf7 42. Qd5+ Ke7 43. Qxc5+ 1/2-1/2